Manipal Manual of Instruments / (Record no. 490)

MARC details
000 -LEADER
Fixed length control field 00583nam a2200205Ia 4500
003 - CONTROL NUMBER IDENTIFIER
Control field IIN
005 - DATE AND TIME OF LATEST TRANSACTION
Control field 20240209161341.0
008 - FIXED-LENGTH DATA ELEMENTS--GENERAL INFORMATION
Fixed length control field 231217s9999 xx 000 0 und d
020 ## - INTERNATIONAL STANDARD BOOK NUMBER / ISBN
Price Rs.415.00
International Standard Book Number 9788123918037
040 ## - CATALOGING SOURCE
Original cataloging agency IIN
Language of cataloging English
082 ## - DEWEY DECIMAL CLASSIFICATION NUMBER
Classification number 610.28
Book Number SHE
100 1# - MAIN ENTRY--PERSONAL NAME
Personal name Shenoy, Rajgopal K.
245 1# - TITLE STATEMENT
Title Manipal Manual of Instruments /
Statement of responsibility Rajgopal Shenoy K. and Anitha Nileshwar
260 ## - IMPRINT
Name of publisher CBS
Place of publication New Delhi
Date of publication 2010
300 ## - PHYSICAL DESCRIPTION
Page / Vol. No xv, 280 p.
650 1# - SUBJECT ADDED ENTRY--TOPICAL TERM
Topical term Medical Surgical
Form subdivision Instruments
650 1# - SUBJECT ADDED ENTRY--TOPICAL TERM
Topical term Instruments of
Form subdivision Manual
700 1# - ADDED ENTRY--PERSONAL NAME
Personal name Nileshwar, Anitha
942 ## - ADDED ENTRY ELEMENTS (KOHA)
Koha item type Books
Holdings
Withdrawn status Lost status Source of classification Damaged status Not for loan Collection code Home library Current library Date acquired Price Total Checkouts Call number Accession number Date last seen Price effective from Koha item type
    Dewey Decimal Classification       IDEAL INSTITUTE OF NURSING IDEAL INSTITUTE OF NURSING 17/12/2023 415.00   610.28 SHE 485 17/12/2023 17/12/2023 Books
    Dewey Decimal Classification       IDEAL INSTITUTE OF NURSING IDEAL INSTITUTE OF NURSING 17/12/2023 415.00   610.28 SHE 486 17/12/2023 17/12/2023 Books
    Dewey Decimal Classification       IDEAL INSTITUTE OF NURSING IDEAL INSTITUTE OF NURSING 17/12/2023 415.00   610.28 SHE 487 17/12/2023 17/12/2023 Books
    Dewey Decimal Classification       IDEAL INSTITUTE OF NURSING IDEAL INSTITUTE OF NURSING 17/12/2023 415.00   610.28 SHE 488 17/12/2023 17/12/2023 Books
    Dewey Decimal Classification       IDEAL INSTITUTE OF NURSING IDEAL INSTITUTE OF NURSING 17/12/2023 415.00   610.28 SHE 489 17/12/2023 17/12/2023 Books
© Ideal Institute Of Nursing, All rights reserved.         Powered by Koha